Loading...
Television for rural development
| Main Author: | |
|---|---|
| Format: | Printed Book |
| Language: | Undetermined |
| Published: |
New Delhi
Concept Publishing Company
1941
|
| LEADER | 00547nam a2200145Ia 4500 | ||
|---|---|---|---|
| 008 | 161229s9999 xx 000 0 und d | ||
| 020 | |a 8170223776 | ||
| 082 | |a 307.141 2 RAO/TE | ||
| 100 | |a Rao, BSS | ||
| 245 | |a Television for rural development | ||
| 260 | |b Concept Publishing Company |a New Delhi |c 1941 | ||
| 300 | |a 264 | ||
| 942 | |c BK | ||
| 999 | |c 152487 |d 152487 | ||
| 952 | |0 0 |1 0 |4 0 |6 307_141000000000000_2_RAOTE |7 0 |9 151550 |a KAUCLV |b KAUCLV |d 2016-12-29 |g 300.00 |o 307.141 2 RAO/TE |p 903796 |r 2016-12-29 |w 2016-12-29 |y BK |z Book transferred from CCBM Library ,Acc.No:3103 | ||